10 Biggest city in Canton Geneva - Statistics

General Stats
  • This quiz has been taken 15 times
  • The average score is 6 of 10
Answer Stats
Population Answer % Correct
209,100 Geneva
100%
37,800 Vernier
86%
22,500 Carouge
71%
14,300 Chêne-Bougeries
71%
37,300 Lancy
71%
27,100 Meyrin
57%
18,900 Onex
50%
13,100 Le Grand-Saconnex
43%
16,800 Thônex
43%
14,000 Versoix
43%
No matching quizzes found
Score Distribution
Percent of People with Each Score
Percentile by Number Answered
Your Score History
You have not taken this quiz